000 00593nam a2200217 i 4500
001 bgj
100 1 _aROTH, Philip
245 1 0 _aThe Great American Novel /
_cPhilip Roth.
260 _aNew York etc. :
_bHolt, Rinehart and Winston,
_cc. 1973.
300 _a400 pp ;
_c22 cm.
650 9 _aBaseball players
_xFiction
650 9 _aBaseball teams
_xFiction
650 9 _aScandals
_xFiction
650 9 _aPicaresque literature
650 9 _aHumorous stories
650 9 _aBaseball stories
040 _cBPK
041 0 _aeng
942 _cKS
008 s uk f |000 0 eng
999 _c48624
_d48624
856 _uhttp://koha.tu.koszalin.pl/cgi-bin/koha/opac-detail.pl?biblionumber=48624
_yKatalog online BPK